[Event "Barcelona La Lira op 12th"]
[Site "Barcelona"]
[Date "2019.06.06"]
[Round "9"]
[White "Codina Blasco, Joan"]
[Black "Larriba Montull, Jaume"]
[Result "0-1"]
[WhiteElo "1688"]
[BlackElo "1573"]
[PlyCount "134"]
[EventDate "2019.04.04"]
[EventType "swiss"]
[EventRounds "9"]
[EventCountry "ESP"]
[SourceTitle "CBM 190 Extra"]
[Source "ChessBase"]
[SourceDate "2019.07.15"]
[SourceVersion "1"]
[SourceVersionDate "2019.07.15"]
[SourceQuality "1"]

1. e4 c5 2. Nf3 d6 3. d4 cxd4 4. Nxd4 Nf6 5. Nc3 a6 6. Be3 e5 7. Nb3 Ng4 8. Bc1 Qb6 9. Qf3 Qd8 10. h3 Nf6 11. Be3 Be6 12. 0-0-0 Nbd7 13. g4 h6 14. g5 hxg5 15. Bxg5 Qc7 16. Kb1 Rc8 17. Bd3 b5 18. Qe2 Rxh3 19. Nd5 Nxd5 20. Rxh3 Nf4 21. Bxf4 Bxh3 22. Bg3 Nf6 23. Rh1 Be6 24. Rh8 Bc4 25. f4 Bxd3 26. Qxd3 Qc4 27. fxe5 Nxe4 28. Bh2 Qxd3 29. cxd3 Nf2 30. d4 dxe5 31. Bxe5 Ne4 32. Bxg7 Ke7 33. Bh6 Nd6 34. Bg5+ Ke6 35. Rh2 Kd5 36. Rh5 Ke4 37. Bf6 Ne8 38. Re5+ Kf4 39. Bg5+ Kg4 40. Be3 Bg7 41. Re7 f5 42. Rf7 Rc7 43. Rxc7 Nxc7 44. Kc2 f4 45. Bg1 Nd5 46. Kd3 f3 47. Nd2 Kg3 48. Ne4+ Kg2 49. Bf2 Nf6 50. Nxf6 Bxf6 51. Be3 f2 52. Bxf2 Kxf2 53. b3 Kf3 54. a4 bxa4 55. bxa4 a5 56. Kc4 Ke4 57. d5 Ke5 58. Kb5 Bd8 59. Kc6 Be7 60. Kb5 Bb4 61. Kc6 Kd4 62. d6 Kc4 63. d7 Be7 64. Kc7 Kb4 65. d8Q Bxd8+ 66. Kxd8 Kxa4 67. Kd7 Kb3 0-1

[Event "Barcelona La Lira op 12th"]
[Site "Barcelona"]
[Date "2019.05.09"]
[Round "5"]
[White "Codina Blasco, Joan"]
[Black "Morales Rubiella, Albert"]
[Result "1-0"]
[WhiteElo "1688"]
[BlackElo "1455"]
[PlyCount "65"]
[EventDate "2019.04.04"]
[EventType "swiss"]
[EventRounds "9"]
[EventCountry "ESP"]
[SourceTitle "CBM 190 Extra"]
[Source "ChessBase"]
[SourceDate "2019.07.15"]
[SourceVersion "1"]
[SourceVersionDate "2019.07.15"]
[SourceQuality "1"]

1. e4 c5 2. Nf3 Nc6 3. d4 cxd4 4. Nxd4 Nf6 5. Nc3 e6 6. Be3 Bb4 7. Bd3 d5 8. exd5 Nxd5 9. Nxc6 bxc6 10. Bd2 Qa5 11. 0-0 Nxc3 12. bxc3 Bxc3 13. Bxc3 Qxc3 14. Qh5 h6 15. Rae1 Qf6 16. Re3 Qg5 17. Qf3 Bd7 18. Be4 Rc8 19. Rd1 Rc7 20. Red3 Qe7 21. Qg3 e5 22. Qxg7 Rf8 23. Bxc6 Bxc6 24. Rd8+ Qxd8 25. Rxd8+ Kxd8 26. Qxf8+ Be8 27. Qxh6 Rxc2 28. h4 Rxa2 29. Qd6+ Bd7 30. Qxe5 a5 31. h5 a4 32. h6 Rc2 33. h7 1-0

[Event "Barcelona Primavera La Lira op 11th"]
[Site "Barcelona"]
[Date "2018.04.26"]
[Round "3"]
[White "Ferrer Comas, Joan"]
[Black "Codina Blasco, Joan"]
[Result "1-0"]
[WhiteElo "1854"]
[BlackElo "1684"]
[PlyCount "97"]
[EventDate "2018.04.12"]
[EventType "swiss"]
[EventRounds "9"]
[EventCountry "ESP"]
[SourceTitle "CBM 184 Extra"]
[Source "ChessBase"]
[SourceDate "2018.06.28"]
[SourceVersion "1"]
[SourceVersionDate "2018.06.28"]
[SourceQuality "1"]

1. d4 Nf6 2. Nf3 g6 3. Bg5 Bg7 4. Nbd2 d6 5. e3 0-0 6. Bd3 Na6 7. c3 c5 8. 0-0 h6 9. Bh4 Be6 10. a3 cxd4 11. Nxd4 Nc7 12. Nxe6 Nxe6 13. h3 Nc5 14. Bc4 d5 15. Ba2 Qb6 16. Qc2 Rad8 17. Rac1 g5 18. Bg3 Nce4 19. Bh2 Nxd2 20. Qxd2 Ne4 21. Qe2 e6 22. Bb1 f5 23. Bxe4 fxe4 24. Qg4 Rf5 25. h4 Rdf8 26. hxg5 hxg5 27. Qe2 e5 28. Bg3 Qh6 29. Qb5 Bf6 30. Qxd5+ Kg7 31. Qxe4 Kg6 32. f3 Rh8 33. Rcd1 Qh1+ 34. Kf2 Qh7 35. Rd6 Kf7 36. Rd7+ Be7 37. Bxe5 Rxe5 38. Qxe5 Qh4+ 39. Qg3 Qa4 40. Rfd1 Qb5 41. R1d2 Rh1 42. R7d3 g4 43. Qf4+ Ke8 44. Qxg4 Bh4+ 45. g3 Qe5 46. Qg8+ Ke7 47. Rd7+ Kf6 48. Qf7+ Kg5 49. f4+ 1-0

[Event "Barcelona Sant Marti op-B 19th"]
[Site "Barcelona"]
[Date "2017.07.14"]
[Round "2"]
[White "Codina Blasco, Joan"]
[Black "Julia Yebra, David"]
[Result "0-1"]
[WhiteElo "1722"]
[BlackElo "1840"]
[PlyCount "72"]
[EventDate "2017.07.13"]
[EventType "swiss"]
[EventRounds "9"]
[EventCountry "ESP"]
[SourceTitle "EXT 2018"]
[Source "ChessBase"]
[SourceDate "2017.10.13"]
[SourceVersion "1"]
[SourceVersionDate "2017.10.13"]
[SourceQuality "1"]

1. e4 d6 2. d4 Nf6 3. Nc3 c6 4. f4 Qa5 5. Bd2 Qb6 6. Nf3 Bg4 7. e5 Nd5 8. Nxd5 cxd5 9. Bc3 Nc6 10. Be2 Bxf3 11. Bxf3 e6 12. Qd2 dxe5 13. fxe5 Rc8 14. a3 Qc7 15. 0-0 Be7 16. Rf2 Qd8 17. Bh5 g6 18. Qf4 gxh5 19. Qxf7+ Kd7 20. Rf6 Qg8 21. Qxh5 Bxf6 22. exf6 Qg6 23. Qe2 Rcf8 24. Qb5 Kc8 25. Be1 Qxf6 26. Bg3 Qxd4+ 27. Kh1 Qc4 28. a4 Qxb5 29. axb5 Nd8 30. h3 Rhg8 31. Kh2 e5 32. Bxe5 Rf2 33. Bg3 Rxc2 34. Rxa7 Rxb2 35. Ra3 Rxb5 36. Rc3+ Nc6 0-1

[Event "Barcelona Tres Peons op 16th"]
[Site "Barcelona"]
[Date "2014.02.21"]
[Round "7"]
[White "Codina Blasco, Joan"]
[Black "Vargas Drechsler, Carlos"]
[Result "0-1"]
[WhiteElo "1896"]
[BlackElo "1973"]
[PlyCount "32"]
[EventDate "2014.01.10"]
[EventType "swiss"]
[EventRounds "9"]
[EventCountry "ESP"]
[SourceTitle "EXT 2015"]
[Source "ChessBase"]
[SourceDate "2014.11.20"]
[SourceVersion "1"]
[SourceVersionDate "2014.11.20"]
[SourceQuality "1"]

1. e4 e5 2. f4 exf4 3. Bc4 Qh4+ 4. Kf1 d6 5. Nf3 Qh5 6. d4 g5 7. Bxf7+ Qxf7 8. Nxg5 Qc4+ 9. Kg1 Nf6 10. c3 Bg4 11. Qc2 Nc6 12. Bxf4 Nxd4 13. Qd2 Ne2+ 14. Kf2 Nxf4 15. Qxf4 Qe2+ 16. Kg3 Nh5+ 0-1

[Event "Barcelona Tres Peons op 16th"]
[Site "Barcelona"]
[Date "2014.01.31"]
[Round "4"]
[White "Codina Blasco, Joan"]
[Black "Vallbona Domingo, Joan"]
[Result "1-0"]
[WhiteElo "1896"]
[BlackElo "2122"]
[PlyCount "85"]
[EventDate "2014.01.10"]
[EventType "swiss"]
[EventRounds "9"]
[EventCountry "ESP"]
[SourceTitle "EXT 2015"]
[Source "ChessBase"]
[SourceDate "2014.11.20"]
[SourceVersion "1"]
[SourceVersionDate "2014.11.20"]
[SourceQuality "1"]

1. e4 c5 2. Nf3 e6 3. d4 cxd4 4. Nxd4 a6 5. Nc3 b5 6. Bd3 Qb6 7. Nf3 Qc7 8. 0-0 Nc6 9. Re1 Be7 10. e5 f5 11. Bf4 Bb7 12. a4 b4 13. Na2 Rb8 14. c3 bxc3 15. Nxc3 g6 16. Rc1 Qb6 17. Nd2 Qd4 18. Nde4 fxe4 19. Rxe4 Qb6 20. Re2 Nd4 21. Re1 Nb3 22. Rc2 Bc5 23. Be4 Bxf2+ 24. Rxf2 Ne7 25. Be3 Qb4 26. Bxb7 Qxb7 27. Bg5 Nf5 28. Rxf5 exf5 29. e6 Qb6+ 30. Kh1 dxe6 31. Nd5 Qc6 32. Rxe6+ Qxe6 33. Nc7+ Kf7 34. Nxe6 Kxe6 35. Qe2+ Kd5 36. Qd3+ Kc6 37. Qxa6+ Rb6 38. Qc4+ Kb7 39. Qf7+ Ka6 40. Qc4+ Kb7 41. Be3 Rc8 42. Qd5+ Kb8 43. Bxb6 1-0